<?xml version="1.0" encoding="UTF-8"?>
<collection xmlns="http://www.loc.gov/MARC21/slim">
 <record>
  <leader>01492nam a2200193Ia 4500</leader>
  <controlfield tag="001">TDMU_29848</controlfield>
  <controlfield tag="008">210410s9999    xx            000 0 und d</controlfield>
  <datafield tag="082" ind1=" " ind2=" ">
   <subfield code="a">657.7</subfield>
  </datafield>
  <datafield tag="090" ind1=" " ind2=" ">
   <subfield code="b">PH104</subfield>
  </datafield>
  <datafield tag="100" ind1=" " ind2=" ">
   <subfield code="a">Phạm, Trần Quốc Linh</subfield>
  </datafield>
  <datafield tag="245" ind1=" " ind2="0">
   <subfield code="a">Một số đề xuất thúc đẩy hoạt động xuất khẩu tại Công ty Trách nhiệm hữu hạn thiết bị điện tử Daewoo Việt Nam</subfield>
  </datafield>
  <datafield tag="260" ind1=" " ind2=" ">
   <subfield code="a">Bình Dương</subfield>
  </datafield>
  <datafield tag="260" ind1=" " ind2=" ">
   <subfield code="c">2016</subfield>
  </datafield>
  <datafield tag="300" ind1=" " ind2=" ">
   <subfield code="a">53 tr + Phụ lục</subfield>
  </datafield>
  <datafield tag="520" ind1=" " ind2=" ">
   <subfield code="a">Chuyên ngành: Ngoại thương; Không ý kiến về việc số hóa, sao chép tài liệu; TM tài liệu tham khảo tr. 52 - 53; Khóa luận tốt nghiệp Đại học trường Đại học Thủ Dầu Một, 2012 - 2016; Khóa luận trình bày: Cơ sở lí luận (đầu tư nước ngoài tại Việt Nam và Bình Dương; khái niệm xuất khẩu, vai trò của hoạt động xuất khẩu; các hình thức xuất khẩu; quy trình); thực trạng hoạt động xuất khẩu tại Công ty TNHH thiết bị điện tử Daewoo Việt Nam; đề xuất. </subfield>
  </datafield>
  <datafield tag="650" ind1=" " ind2=" ">
   <subfield code="a">Khóa luận; Quản trị kinh doanh</subfield>
   <subfield code="x">Mậu dịch</subfield>
   <subfield code="x">Xuất khẩu</subfield>
  </datafield>
  <datafield tag="700" ind1=" " ind2=" ">
   <subfield code="a">Nguyễn, Thị Minh Thư</subfield>
  </datafield>
  <datafield tag="856" ind1=" " ind2=" ">
   <subfield code="u">http://lrc.tdmu.edu.vn/opac/search/detail.asp?aID=2&amp;ID=29848</subfield>
  </datafield>
  <datafield tag="980" ind1=" " ind2=" ">
   <subfield code="a">Trung tâm Học liệu Trường Đại học Thủ Dầu Một</subfield>
  </datafield>
 </record>
</collection>
